[Event "Wetteren - Jean Jaures 31/2-41/2"]
[Site "?"]
[Date "2018.03.25"]
[Round "9"]
[White "Witt, Rob"]
[Black "Michiels, Luc"]
[Result "1-0"]
[WhiteElo "2156"]
[BlackElo "2045"]
[Annotator "Witt"]
[PlyCount "107"]
[EventDate "2018.??.??"]

{Deze keer speelden we niet in een barak maar in een mooie villa met een ruime
speelzaal en goed materiaal. Aan bord 6 trof ik Luc Michiels, de vader van
grootmeester Bart Michiels.} 1. d4 c5 2. d5 e6 3. c4 exd5 4. cxd5 d6 5. Nc3 Ne7
{Hier ben ik al weer 'out of book'.} 6. e4 {Die speelde ik nog snel.} Ng6 {
Maar hierna dacht ik een kwartiertje na. Ik had het idee dat ik het niet van
de opmars e4-e5 moet hebben met dat paard op g6 en een loper op f6. Ik keek
nog naar een opstelling met Pg1-e2-g3, maar tenslotte leek iets met h2-h4-h5
het meest logisch.} 7. g3 {De meeste witspelers doen toch iets anders.} Be7 8.
h4 {En hierna begon Luc voor het eerst na te denken.} Bf6 {Na 7 minuten.} 9.
Be2 ({Ik koos niet voor} 9. h5 {(de voorkeur van Stockfish) omdat dat altijd
nog kan en zwart toch niet h7-h5 kan spelen.}) 9... a6 10. a4 ({De engine gaat
liever enthousiast met alle pionnen naar voren.} 10. f4 Nd7 11. h5 Ne7 12. g4
b5 13. Qc2 {Maar ik ben bang dat mijn teamgenoten mij dan niet meer serieus
nemen.}) 10... O-O 11. h5 {Na 8 minuten.} Ne7 12. Bf4 {Die deed ik snel om de
ontwikkeling van de zwarte damevleugel te bemoeilijken. Misschien waren hiet
betere zetten. Luc dacht nu maar liefst 25 minuten na en kwam toen met} Re8 (
12... Be5 {leek me slecht wegens} 13. Bxe5 dxe5 14. Nf3) ({Maar ik begon me af
te vragen wat ik moest doen na} 12... Bxc3+ 13. bxc3 f5 {Vooalsnog ging mijn
voorkeur uit naar} 14. e5 ({De engine doet} 14. Nf3) 14... dxe5 15. Bxe5 Qxd5
16. Qxd5+ Nxd5 17. O-O-O {met goede compensatie voor de pion, al is het niet
duidelijk.}) 13. g4 $6 {Het leek me beter om de variant met Lxc3 en f5 nu maar
te verhinderen. De engine is het niet met mij eens.} (13. Qc2) 13... Be5 $2 ({
Beter was} 13... h6 14. Qd2 Nd7 15. Nh3 {al staat wit natuurlijk heel goed.} (
15. Bxd6 $2 Bxc3 16. Qxc3 Nf6 $13)) 14. Qd2 $2 {Na 8 minuten deze idiote
beslissing.} ({In een vluggertjes zou ik a tempo slaan.} 14. Bxe5 dxe5 15. g5 {
en de zwarte stelling is positioneel een ramp.}) {Luc was kennelijk zo blij
dat ik niet de lopers ruilde, want met de snelheid van het licht kwam} 14...
Nd7 15. Be3 $2 {A tempo gespeeld. dit was mijn slechte idee. Ik wilde zwart
dwingen om op c3 te ruilen.} (15. g5 {was nog steeds heel goed voor wit.})
15... Qa5 ({De engine ziet een interessant alternatief in} 15... Nf6 16. f3
Bxg4 17. fxg4 (17. h6) 17... Bxc3 18. bxc3 Nxe4 19. Qd3 Nxc3 {met totale chaos.
}) 16. Ra2 $6 {Na 5 minuten. Het was niet nodig om b7-b5 te verhinderen.} ({
beter was} 16. f3 b5 17. Nh3 Nb6 18. Kf2 {en misschien heeft wit nog een
plusje.}) ({Of misschien} 16. h6 {Een zet die de engine op diverse momenten
wil doen, maar die ik niet begrijp.}) 16... Qb4 (16... Nf6 17. f3 h6 $13) 17.
f3 Nb6 $6 {A tempo gespeeld. Hier was ik wel blij mee.} ({Op} 17... h6 {
overwoog ik} 18. Nd1) 18. a5 Nc4 19. Bxc4 Qxc4 20. Nge2 {Na een zwakke fase
was ik inmiddels weer tevreden met mijn stelling.} Bd7 {Beide spelers nog 35
minuten.} 21. O-O (21. Kf2 $5) 21... Bb5 $6 {A tempo deze minder goede zet. Er
dreigt weliswaar Lxc3, maar dat is makkelijk te verhinderen.} 22. Rc1 $6 ({
Ik heb wel even gekeken naar} 22. Nxb5 $1 {maar na} axb5 (22... Qxa2 23. Nc7
$16 {had ik wel gezien.}) {zag ik niet de kracht van} 23. b4 $1) 22... Qb4 23.
Qc2 {Ik hoopte de zwarte dame in het nauw te brengen.} ({Opnieuw was} 23. Nxb5
Qxb5 24. b4 {de beste voortzetting. Maar dat hele idee met b4 is me ontgaan.})
({Opmerkelijk dat} 23. Kf2 {ook goed scoort bij de engine. Een aanwijzing dat
21.Kf2 beter was dan mijn korte rokade.}) 23... Rac8 24. Kg2 g6 $6 {Verrassend.
Is dit een winstpoging?} ({De engine gaat weer klooien met bijv.} 24... f5 25.
gxf5 Bxc3 26. bxc3 Qc4 27. Bf4 Nxd5 28. exd5 Qxe2+ 29. Qxe2 Rxe2+ 30. Rxe2 Bxe2
31. c4) 25. hxg6 {Zwart kan nu op drie manieren terugslaan en kiest a tempo de
slechtste.} hxg6 26. Nxb5 Qxb5 {Wit nog 15 minuten, zwart 10 minuten.} (26...
axb5 27. Bd2 Qc4 28. Qxc4 bxc4 29. Rxc4 {is ook heel goed voor wit.}) 27. Nc3
Qd7 28. Na4 Qb5 $2 {Hier heeft de dame niets te zoeken.} 29. Nb6 Rcd8 30. Nc4
Bg7 31. Bf4 Nc8 32. Ra3 Re7 33. Rh1 Qe8 34. Re3 Bd4 35. Ree1 (35. Kf1 $1 {
om de dame snel naar de h-lijn te brengen.}) 35... f6 36. Bg3 (36. Be3 $5)
36... Rh7 37. Qd2 Qe7 38. Rxh7 Qxh7 {Allebei nog 1 minuut.} 39. g5 Qg7 40. Rh1
{Hierna ging ik meteen even naar buiten. Ik was overtuigd dat ik ging winnen.}
fxg5 {Allebei weer een half uur bedenktijd.} 41. Qxg5 {Het verrast me dat
Stockfish de witte stelling op ruim +6 waardeert. Zo heel simpel vond ik het
nu ook weer niet.} Qf6 42. Qg4 Rf8 43. Bh4 ({Na} 43. Rh6 Kg7 {zag ik geen
vervolg omdat ik f3 moet blijven dekken.. Goed is dan echter} 44. Bf4 $1 $18)
43... Qf7 44. Bg5 Re8 45. Rh6 Bg7 46. Rh3 Bf6 47. Bf4 {Vele wegen leiden naar
Rome.} ({Goed is ook} 47. Qh4 {zoals Michael en Elwin na afloop aangaven. Het
leek me echter niet beter dan de tekstzet.}) 47... Rd8 48. Qg3 (48. e5 $1)
48... Qg7 {Een tegenvaller.} ({Ik dacht dat} 48... Be7 {gewongen was en dan
wint wit geforceerd met} 49. Rh6 Kg7 50. Ne5 dxe5 51. Bxe5+ Bf6 52. Qh4) 49.
Bh6 (49. Nxd6 {wint natuurlijk wel, maar het moet harder kunnen.}) 49... Qf7
50. b3 {Ik heb geen haast. Zwart gaat in tijdnood komen en moet maar weer een
zet verzinnen.} Bg7 {Wit nog 20 minuten, zwart 5 minuten.} 51. Bf4 Bf8 $2 52.
Qh2 $2 {A tempo gespeeld.} ({Toen ik mijn dame losliet, zag ik dat} 52. Qh4 {
wel zo eenvoudig was geweest.}) 52... Bg7 53. Qg3 {Misschien speelt zwart weer
Lf8.} Bd4 54. Rh6 {En toen bij Luc de seconden wegtikten, gaf hij op vlak voor
zijn vlag viel. Hiermee kwamen we op 4½-2½ en werd het uiteindelijk 4½-3½.
Na deze 9e overwinning op rij en een voorsprong van 3 matchpunten met nog 2
ronden te gaan, is het kampioenschap wel heel dichtbij.} 1-0

[Event "Caissa intern 2017-2018"]
[Site "?"]
[Date "2018.03.27"]
[Round "2.11"]
[White "Roering, Ed"]
[Black "Witt, Rob"]
[Result "1-0"]
[WhiteElo "2198"]
[BlackElo "2156"]
[Annotator "Witt"]
[PlyCount "23"]
[EventDate "2018.??.??"]

{Ik had de hele middag het Kandidatentoernooi live gevolgd en was behoorlijk
gaar naar de club vertrokken. Onverwacht kreeg ik Ed Roering als tegenstander
omdat Eelke Wiersma en Jasel lopez afwezig waren.} 1. e4 e6 2. d4 d5 3. Nd2 c5
4. exd5 Qxd5 5. Ngf3 cxd4 6. Bc4 Qd7 {Een experiment. Ik had dit afgelopen
zomer bekeken aan de hand van een aantal partijen van Harikrishna en Bluebaum.
Ik kon me alleen nog herinneren dat zwart Pf6 kan uitstellen.} ({Tot nu toe
heb ik altijd} 6... Qd6 {gespeeld.}) 7. O-O Nc6 8. Nb3 Qc7 $2 {Heel slecht.} ({
Ik zie nu dat ik destijds gekeken heb naar} 8... a6 9. Nbxd4 Nxd4 10. Nxd4 Qc7
11. Bb3 Bd6) 9. Nbxd4 {Hier begon ik voor het eerst na te denken en besefte al
gauw dat er iets mis was.} Bd7 $2 {Na 10 minuten bedacht ik de slechtste zet.}
(9... Nxd4 10. Qxd4 {is geen pretje voor zwart.}) (9... a6 10. Nxc6 Qxc6 11.
Ne5 {is ook beroerd.}) 10. Nb5 Qb8 {Terwijl Ed nadacht, zag ik dat ik zijn
volgende zet kon opgeven.} 11. g3 {Ik besloot er toch nog eentje te doen.} e5
$2 (11... a6 12. Bf4 e5 13. Nxe5 {is ook uit.}) ({Gelukkig zag ik niet} 11...
Qd8 12. Bf4 Rc8 {want hier kan zwart zijn beroerde stelling nog een tijdje
keepen.}) 12. Bxf7+ {Die had ik niet eens gezien. Waarschijnlijk mijn kortste
verliespartij.} 1-0

[Event "Philidor Leiden-Caissa 2  41/2-31/2"]
[Site "?"]
[Date "2018.04.07"]
[Round "8"]
[White "Witt, Rob"]
[Black "Van der Zon, Stef"]
[Result "1/2-1/2"]
[WhiteElo "2159"]
[BlackElo "2154"]
[Annotator "Witt"]
[PlyCount "99"]
[EventDate "2018.??.??"]

{In het Pinkstertoernooi van Bussum 2013 verloor ik van deze tegenstander.
Tijd voor een revanche.} 1. d4 Nf6 2. c4 g6 3. Nc3 Bg7 4. e4 d6 5. f3 O-O 6.
Be3 c5 7. Nge2 Nc6 8. d5 Ne5 9. Ng3 {Voor de vierde keer dit seizoen heb ik
deze stelling op het bord. Desondanks beheers ik nog steeds niet de details
van deze ingewikkelde variant.} h5 {Tegenwoordig de populairste aanpak.} ({
De andere hoofdvariant gaat verder met} 9... e6 10. Be2 exd5 11. cxd5 h5 12.
O-O h4 13. Nh1 Nh7) 10. Be2 a6 {Minder gebruikelijk.} ({Vrijwel iedereen
speelt hier} 10... h4) 11. a4 {Tijdens de partij en ook na afloop dacht ik dat
dit misschien een fout is.} ({Inderdaad is} 11. O-O {vaker gespeeld en
waarschijnlijk ook beter, maar de tekstzet is niet fout.}) 11... Qa5 $6 {
Na een kwartier maar waarschijnlijk minder goed.} (11... e6 12. O-O exd5 13.
cxd5 Bd7 14. h3 h4 15. Nh1 b5 16. Bg5 b4 17. Nb1 c4 18. Bxh4 Re8 19. f4 Nd3 20.
Bxd3 cxd3 21. Qxd3 Rxe4 22. Nd2 Re8 23. Ng3 Qb6+ 24. Kh2 {Giri,A (2714)
-Radjabov,T (2773) Wijk aan Zee 2012 (½-½)}) 12. Qd2 $6 {Na een kwartier een
slechte zet.} ({Mijn probleem was dat ik geen weerlegging kon vinden na} 12.
O-O Qb4 13. a5 Bd7 {De engine geeft hier als beste} 14. Qc1 {Die had ik ook
bekeken, maar ik vond het onduidelijk na} Nxc4 (14... b5 15. axb6 Rfb8 {
beviel me ook niet zo, maar de engine geeft wit een duidelijke plus in deze
Benkö stelling.}) 15. Na2 Nxe3 16. Nxb4 Nxf1 17. Nxf1 cxb4 {Tot zover had ik
gekeken zonder tot een duidelijk oordeel te komen. Met een frisse blik blijkt
dit achteraf toch wel goed voor wit na} 18. Qd2 $16) ({Het beste lijkt} 12. Bd2
{maar daar heb ik niet lang genoeg naar gekeken.}) ({En ook} 12. f4 {was veel
beter dan de tekstzet.}) 12... h4 13. Nf1 Bd7 {Na een kwartier.} ({Stef vond
dat} 13... h3 $1 {weinig zin had wegens} 14. g3 {maar dan komt} b5 $1 {en wit
zit in de problemen na} 15. cxb5 axb5 {en wit kan niet op b5 slaan.} 16. Nxb5
$2 Qxb5 $1 $17) 14. Qc1 {Na bijna 20 minuten de beste zet. Wit verhindert b5
en veld d2 komt vrij voor het paard.} (14. b3 b5 (14... Qb4) 15. cxb5 h3 16.
Kf2 Neg4+ 17. fxg4 Qxc3 18. Qxc3 Nxe4+) 14... e6 15. Nd2 {A tempo gespeeld.} ({
Ik had best wel mogen nadenken over} 15. Bd2 $5) 15... exd5 16. cxd5 Qc7 $6 {
Na 10 minuten.} (16... Nh5 $5 $13) 17. O-O Rab8 $6 {Na 12 minuten.} (17... h3)
18. a5 $6 {A tempo deze Pavlov-reactie waar ik wel meer last van heb.} ({
Veel sterker was} 18. h3 b5 19. Qe1) 18... b5 $6 (18... Nh5) 19. axb6 Rxb6 20.
Rxa6 {De normale zet. Anders speelt zwart Lb5. Ik heb niet naar alternatieven
gekeken.} ({Stockfish wel. Die geeft de voorkeur aan} 20. h3 Bb5 21. Nxb5 axb5
22. Qe1 $16 {Eigenlijk heel logisch.}) 20... Rxa6 21. Bxa6 {Wit nog 50 minuten,
zwart 12 minuten.} Rb8 22. Be2 Qb7 23. b3 Qb4 24. Qc2 Nh5 ({Misschien had
zwart toch eens} 24... h3 {moeten spelen.}) 25. Na2 {Na 10 minuten. Ik koos
hiervoor omdat dit paard vanaf c1 pion b3 kan dekken zodat mijn andere paard
naar c4 kan.} ({Mijn alternatief was} 25. Rc1) 25... Qa3 $6 {De dame kan beter
teruggaan naar a5 of b6.} 26. Nc1 f5 $2 {Na 5 minuten. Wit nog 35 minuten,
zwart 2 minuten. Ik kan daar vaak slecht tegen als de tegenstander geen tijd
heeft. Stef zei na afloop dat hij dit maar gokte omdat hij het idee had dat
hij met rustig spel zeker ging verliezen.} 27. f4 {De beste zet.} Ng4 (27...
Nf7 28. e5 {taxeerde ik ook als heel goed voor wit.}) 28. Bxg4 fxg4 29. Nc4 Qa6
{Hier ging ik eens rustig 10 minuten kijken. Mijn tegenstander is in tijdnood
en ik was overtuigd dat ik hier gewonnen sta. Maar wat is nu de beste aanpak?
Ik keek in eerste instantie naar e4-e5 en f4-f5. Allebei op het eerste gezicht
aantrekkelijk maar niet helemaal duidelijk. Tenslotte bedacht ik dat het
prettig was als ik de zwarte lopers zou kunnen ruilen. Dat verklaart de
tekstzet.} 30. Bd2 $2 {Dit blijkt het voordeel weg te geven.} ({Ik verwierp al
snel} 30. e5 {wegens} Bf5 {en ik zag niet helder wat het beste veld voor mijn
dame is en hoe het precies verder moet.}) ({Ik had daarom vooral mijn hoop
gevestigd op} 30. f5 gxf5 31. exf5 {Maar ook dit vond ik niet zo overtuigend na
} Nf6 (31... Rf8 32. Ne2 {zag ik wel zitten.}) 32. Bf4 ({Ik miste hier het
sterke} 32. Bg5 $1 {en slecht is nu} h3 {wegens} 33. Bxf6 Bxf6 34. Qe4 $16)
32... Bb5 $1 {en hier zag ik geen duidelijk vervolg.}) 30... Bb5 {Die had ik
niet verwacht. Zwart verhindert Lc3 maar de zwarte loper loper kan nu niet
meer naar f5 en daarom speelde ik a tempo} 31. e5 {Na afloop vonden we dat dit
een blunder was, maar het blijkt dat andere zetten ook tot niets leiden.} (31.
Qd3 Bxc4 32. bxc4 Bd4+ 33. Kh1 Rb2 $13) 31... dxe5 32. fxe5 Bxc4 33. bxc4 Bxe5
{Ik had overzien dat de dame op a6 nu pion g6 dekt. Balend speelde ik snel} 34.
Qe4 {Ook niet zo'n beste. Ik had snel remise moet maken met} (34. Bc3 Bxc3 35.
Qxc3 Rb4 36. Qe5 Qxc4 (36... Ng7 37. Nd3 Rxc4 38. Qg5 $14) 37. Qe6+ Kh7 38.
Qe7+ {met eeuwig schaak.}) 34... Qd6 35. Be1 $6 {Riskant, maar misschien kan
dit net.} (35. Ne2 Bxh2+ 36. Kh1 Be5 37. Bg5 {lijkt nog te houden na bijv.} h3
38. gxh3 Rb2 39. Bh4 gxh3 40. Rf3 h2 41. Re3 $13) 35... Bxh2+ 36. Kh1 Bg3 ({
Wit heeft het moeilijker na} 36... Be5 {bijv. de volgende computervariant} 37.
Bxh4 Kg7 38. Nd3 Rh8 39. Qxe5+ Qxe5 40. Nxe5 Ng3+ 41. Kg1 Nxf1 42. Be7 $13) 37.
Qxg4 Re8 38. Nd3 Bxe1 39. Rxe1 Ng3+ 40. Kg1 Rxe1+ {Tijdnood voorbij. De
stelling is remiseachtig. Na inspectie van de andere borden taxeerde ik de
uitslag op 4-4 of misschien een kleine overwinning.} 41. Nxe1 Qf6 42. Kh2 Nf1+
43. Kh3 Ne3 44. Qxh4 {Een misplaatste winstpoging.} ({Ik zag dat ik met} 44.
Qe6+ {remise kon maken.}) 44... Qf5+ 45. Kh2 $4 {Een afgrijselijke blunder die
ook bij de post-mortem onopgemerkt bleef.} (45. g4 Qf1+ 46. Kh2 $11) 45... g5
46. Qh5 {En er volgde a tempo} Qf4+ $4 ({Pas bij het invoeren in de computer
's avonds zag ik} 46... Ng4+ 47. Kg3 (47. Kh3 Nf6+ 48. g4 Qf1+) 47... Qf4+ 48.
Kh3 Nf2#) 47. Kg1 Qf1+ 48. Kh2 Qf4+ 49. Kg1 Qf1+ 50. Kh2 {Pas hier ging Stef
eens kijken of er meer in zat. Maar aangezien dat niet het geval is, bood hij
remise aan. Op de een of andere manier verloren we toch de wedstrijd met
4½-3½ zodat we nog steeds in degradatiegevaar zijn.} 1/2-1/2

[Event "Caissa intern 2017-2018"]
[Site "?"]
[Date "2018.04.17"]
[Round "2.13"]
[White "Bodicker, Rob"]
[Black "Witt, Rob"]
[Result "1/2-1/2"]
[WhiteElo "2019"]
[BlackElo "2133"]
[Annotator "Witt"]
[PlyCount "81"]
[EventDate "2018.??.??"]

{Het was weer een vreemde indeling vanavond. In plaats van met wit tegen Eelke
Wiersma werd het met zwart tegen Rob Bödicker. In de eerste cyclus had ik met
zwart tegen hem mijn enige nederlaag geleden. Dat zou mij geen tweede keer
gebeuren.} 1. d4 d5 2. c4 c6 {Na het Hollands en een aantal keren
Nimzo-indisch besloot ik maar weer eens Slavisch te spelen.} 3. Nf3 Nf6 4. g3 {
Dat heb ik nog nooit op het bord gehad. Het wordt tegenwoordig wel vaker
gespeeld.} e6 {Ik heb geen bezwaar tegen het Gesloten Katalaans. Volgens
kenners als Michael Wunnink en Ed Roering kan zwart beter zijn Lc8 buiten de
keten brengen.} 5. Qc2 Nbd7 ({Vorig seizoen speelde ik in België} 5... dxc4 6.
Qxc4 b5 7. Qc2 Bb7 8. Bg2 Nbd7 {en misschien is dat een betere aanpak om op
winst te spelen.}) 6. Bg2 Be7 7. O-O O-O 8. Nbd2 b6 9. e4 Bb7 10. e5 Ne8 11. b3
({De meeste partijen gaan verder met} 11. cxd5 {bijv.} cxd5 12. Re1 Rc8 13. Qa4
{Donchenko,A (2554)-Giri,A (2771) Reykjavik 2017 (43.0-1)}) 11... Rc8 12. Bb2
c5 {Hier dacht Bödicker voor het eerst wat langer na. Zo'n pionnenblokje is
altijd lastig in de praktijk. Moet je ergens slaan of liever de spanning
handhaven. Er zijn hier maar liefst 10 verschillende zetten gespeeld. Na 10
minuten kiest hij voor} 13. Qd1 {En nu was het mijn beurt om 10 minuten na te
denken waarna ik besloot de spanning op te heffen.} dxc4 ({Mijn alternatief was
} 13... Rc7 {gevolgd door Da8.}) 14. Nxc4 b5 15. Ne3 Nc7 16. Rc1 Nd5 17. Nxd5
Bxd5 18. dxc5 Bxc5 {Die speelde ik na een paar minuten. Het heeft weinig zin
om langer na te denken, want na een kwartier zou ik nog niet weten wat de
beste zet is. Volgens Stockfish op 30 ply diep is dit de 3e keus met
gelijkspel. Met het paard slaan zou zwart een klein plusje geven. Het zal wel.}
19. Qe2 Qa5 {Na een kwartiertje.} (19... Qb6) (19... a6) 20. Ba1 {Na 12
minuten.} (20. Ng5 Be7 $11) (20. Nd4 Bxg2 21. Kxg2 Rfd8 $11) 20... h6 {Na een
kwartier. Ik wil niet meer lastig gevallen worden met Pg5. Wit nog een uur,
zwart 3 kwartier.} 21. Rfd1 a6 {Misschien een overbodige zet.} (21... Nb6) 22.
Nh4 $2 {Na 8 minuten.} ({Rob B. vond na afloop dat hij} 22. Ne1 {had moeten
spelen.}) ({Hij zal ook gekeken hebben naar} 22. Rxd5 exd5 {maar wit heeft
geen duidelijk vervolg want} 23. e6 $2 {faalt op} Bxf2+) 22... Nb6 23. Nf3 {
Na 8 minuten. beter ten halve gekeerd dan enz.} Rfd8 {Na 6 minuten. Ik zat
hier te kijken welke stukken ik wilde ruilen. Mijn conclusie was dat ik na
ruil van de witveldige lopers mijn zwarte loper wel wilde ruilen voor het
paard. Mijn paard op d5 zal beter zijn dan zijn loper.} 24. Ne1 Ba3 $6 {
Een beetje rare zet.} ({Consequent was} 24... Bxg2 25. Kxg2 Nd5 {of eerst een
stel torens ruilen.}) 25. Rxc8 {Natuurlijk.} ({Ik verwachtte} 25. Bb2 Bxg2 26.
Kxg2 Rxd1 27. Rxd1 Bxb2 28. Qxb2 Nd5 {waarna ik iets beter sta.}) 25... Rxc8
26. Nd3 (26. Bd4 Bxg2 27. Bxb6 Qxb6 28. Kxg2 $13) 26... Bxg2 27. Kxg2 Nd5 28.
Nf4 $2 {Na 4 minuten deze vreemde beslissing.} (28. Bd4 Qc7 {met een miniem
plusje.}) 28... Nxf4+ 29. gxf4 Rc1 {Na 5 minuten. Ik dacht ten onrechte dat
dit heel slim was.} ({Na het normale} 29... Qc7 {staat zwart duidelijk beter.})
30. f5 {Na 6 minuten een zet die ik gemist heb. Maar wit speelde dit met het
verkeerde idee.} ({Desondanks had wit beter kunnen kiezen voor eerst} 30. Rxc1
Bxc1 {Ik dacht dat wit hier in de problemen zat. Maar ook hier miste ik} 31. f5
$1 {en wit houdt het min of meer gelijk.} ({Ik rekende alleen op} 31. Kg3 Qb4
32. Qf3 Qd2 {met groot voordeel.})) 30... Rxd1 {Na 7 minuten.} 31. Qxd1 exf5
32. Qd7 $2 {Eerlijk gezegd de zet die ik ook verwacht had maar het is fout.} ({
De juiste zet is} 32. Qc2 Qb6 33. Qxf5 Qc6+ 34. Kg3 {en wit moet dit kunnen
houden.}) 32... Qb6 $2 {Na 3 minuten verzuim ik te profiteren.} ({Vrijwel
winnend was} 32... Qe1 $1 {Ik geloof dat ik er even naar gekeken heb, maar in
een flits dacht dat het niks was. Relatief het beste is dan} 33. Qd4 ({Slecht
is} 33. Qc8+ {wegens} Bf8) 33... Kh7 {Met een gezonde pluspion en betere
stelling. Niet gevaarlijk is} 34. e6 f6) 33. Qxf5 ({Vooral niet} 33. Qc8+ Kh7
34. Qxf5+ Qg6+ 35. Qxg6+ Kxg6 {met waarschijnlijk een gewonnen eindspel.})
33... Qc6+ 34. Kg3 Be7 35. Bd4 g6 36. Qf3 {met remiseaanbod. Ik sta niet
slechter dus ik doe nog wat zetjes.} Bh4+ 37. Kg2 Qe6 38. h3 h5 39. Qe4 Bg5 40.
Qa8+ Kh7 {Beide spelers nog een kwartier.} 41. Qf3 {En hier bood ik zelf maar
remise aan. Jammer van de gemiste kans.} 1/2-1/2